Možnosti využitia kybernetického modelovania v ekonómii

Definovanie pojmov modelovanie a model. Metodika tvorby modelu. Modelovanie procesov.

Salvato in:
Dettagli Bibliografici
Autore principale: Bednár, Peter
Altri autori: Grell, Michal
Natura: Capitolo di libro
Soggetti:
Tags: Aggiungi Tag
Nessun Tag, puoi essere il primo ad aggiungerne!!

MARC

LEADER 00000nla a2200000 4500
001 0214173
005 20240502083537.3
044 |a CZ 
245 1 0 |a Možnosti využitia kybernetického modelovania v ekonómii  |c Peter Bednár, Michal Grell 
520 |a Definovanie pojmov modelovanie a model. Metodika tvorby modelu. Modelovanie procesov. 
610 2 0 |a modely ekonomicko-matematické 
610 2 0 |a modelovanie 
610 2 0 |a procesy podnikové 
610 2 0 |a kybernetika ekonomická 
100 1 |a Bednár, Peter 
700 1 |a Grell, Michal